| 000 | 01203nam a22002537a 4500 | ||
|---|---|---|---|
| 999 |
_c7611 _d7611 |
||
| 001 | 7611 | ||
| 003 | BD-JhCC | ||
| 005 | 20180215101010.0 | ||
| 008 | 171218s20062012bg |||| ||a| 000 0 ben d | ||
| 035 | _a(BD-JhCC)7611 | ||
| 040 |
_aBD-JhCC _dBD-JhCC |
||
| 041 | _aben | ||
| 082 |
_a001 _bBIP 2006 |
||
| 100 | _aবিপু, গোলাম কিবরিয়া | ||
| 245 |
_aপ্রফেসর’স বিসিএস প্রিলিমিনারী আন্তর্জাতিক বিষয়াবলী : _b৩৪তম বিসিএস ও অন্যান্য নিয়োগ পরীক্ষার জন্য / _cগোলাম কিবরিয়া বিপু, রেজাউল করিম মামুন এবং মুহাম্মদ আরিফুল ইসলাম |
||
| 260 |
_aঢাকা : _bপ্রফেসর’স প্রকাশন, _c2006. |
||
| 300 |
_a488 p. : _c23 cm. |
||
| 650 | _aBangladesh affairs | ||
| 650 | _aGeneral Knowledge | ||
| 700 | _aমামুন, রেজাউল করিম | ||
| 700 | _aইসলাম, মুহাম্মদ আরিফুল | ||
| 942 |
_2ddc _cBK |
||